La educacin̤ legal como polt̕ica pb︢lica en Amřica Latina

Detalles Bibliográficos
Autor principal: Gonzales Mantilla, Gorki
Formato: eBook
Lenguaje:español
Publicado: Lima: Palestra Editores, 2018
Materias:
Acceso en línea:Acceso restringido

MARC

LEADER 00000nam a22000007a 4500
005 20190821013247.0
007 cr|||| ||||
008 190821s2018 pe |||||s|||| 00||0 spa d
020 |a 978-612-325-032-4 
035 |a 24146 
040 |a vLex 
090 |c 9260  |d 9260 
100 1 |a Gonzales Mantilla, Gorki 
245 1 2 |a La educacin̤ legal como polt̕ica pb︢lica en Amřica Latina  |h [Recurso electrn̤ico] /  |c Gorki Gonzales Mantilla 
256 |a Servicio en ln̕ea 
260 |a Lima:  |b Palestra Editores,  |c 2018 
300 |a 1 recurso electrn̤ico 
506 1 |a Disponible solo en los productos indicados  |d vLex Global  |d vLex Global (Academic Edition, excluding Law Schools)  |d vLex Global (U.S. Academic Edition, Law Schools)  |d vLex Global (U.S. Academic Edition, excluding Law Schools)  |d vLex Global (Academic Edition, Law Schools) 
650 0 4 |a Derecho Pb︢lico y Administrativo  |z Per︢ 
740 0 |a vLex Libros (Servicio en ln̕ea) 
856 4 0 |u http://vlex.com/source/educacion-legal-politica-publica-america-latina-24146  |z Acceso restringido 
942 |c BOOK 
999 0 |a Public and Administrative Law